Khảo cứu văn hóa dân gian làng cổ Đông Phù
Sparad:
| Huvudupphovsman: | |
|---|---|
| Materialtyp: | Bok |
| Språk: | Vietnamese |
| Publicerad: |
H.
Văn hóa dân tộc
2011
|
| Serie: | ĐTTS ghi: Hội văn nghệ dân gian Việt Nam
|
| Taggar: |
Lägg till en tagg
Inga taggar, Lägg till första taggen!
|
| Thư viện lưu trữ: | Mạng thư viện Đại học Đà Nẵng |
|---|
| LEADER | 00964nam a2200277 4500 | ||
|---|---|---|---|
| 001 | 000016103 | ||
| 003 | 12493 | ||
| 005 | 20120719100757.0 | ||
| 008 | 120719s2011 viesd | ||
| 041 | 0 | |a vie | |
| 082 | |a 398.0959731 |b NG-L | ||
| 100 | 0 | |a Nguyễn Quang Lê | |
| 245 | 0 | |a Khảo cứu văn hóa dân gian làng cổ Đông Phù |c Nguyễn Quang Lê | |
| 260 | |a H. |b Văn hóa dân tộc |c 2011 | ||
| 300 | |a 327 tr. |c 21 cm. | ||
| 490 | |a ĐTTS ghi: Hội văn nghệ dân gian Việt Nam | ||
| OWN | |a LSP | ||
| AVA | |a UDN50 |b LSP |d 398.0959731 NG-L |e available |t Error 5001 Not defined in file expand_doc_bib_avail. |f 1 |g 0 |h N |i 0 |k 1 | ||
| 999 | |a From the UDN01 | ||
| AVA | |a UDN50 |b LSP |d 398.0959731 NG-L |e available |t Error 5001 Not defined in file expand_doc_bib_avail. |f 1 |g 0 |h N |i 0 |k 1 | ||
| TYP | |a Monograph | ||
| TYP | |a Printed language | ||
| 980 | |a Mạng thư viện Đại học Đà Nẵng | ||